| 000 | 00675nam a2200181 i 4500 | ||
|---|---|---|---|
| 001 | 181996 | ||
| 003 | ES-MaACL | ||
| 005 | 20250730063154.0 | ||
| 008 | 130522q18501899fr |||| | fre d | ||
| 100 | 1 |
_aBernard, Charles de, _d1812-1882 _9125946 |
|
| 245 | 1 | 4 |
_a[Un acte de vertu / _cpar Charles de Bernard]. |
| 260 |
_a[S.l. : _bs.n., _c18-?] |
||
| 300 |
_a[8] p. : _bil. ; _c30 cm. |
||
| 594 | _aDatos tomados de principio del texto. | ||
| 596 | _aProbablemente impreso en la segunda mitad del siglo XIX. | ||
| 852 |
_aES-MaACL _jR-1709(14) _q.- Ejemplar sin portada y solo las primeras 8 páginas encuadernado en un vol. facticio |
||
| 999 |
_c181996 _d181996 |
||